书目信息 |
| 题名: |
信用制度深度透视
|
|
| 作者: | 车耳 著 | |
| 分册: | ||
| 出版信息: | 北京 人民邮电出版社 2009.09 |
|
| 页数: | 223页 | |
| 开本: | 24cm | |
| 丛书名: | ||
| 单 册: | ||
| 中图分类: | F830.5 | |
| 科图分类: | ||
| 主题词: | 信用制度--Xin Yong Zhi Du--研究 | |
| 电子资源: | ||
| ISBN: | 978-7-115-21091-3 | |
| 000 | 00874nam0 2200217 450 | |
| 001 | 0011216940 | |
| 005 | 20100601090319.82 | |
| 010 | @a978-7-115-21091-3@dCNY29.80 | |
| 100 | @a20100515d2009 em y0chiy0110 ea | |
| 101 | 0 | @achi |
| 102 | @aCN@b110000 | |
| 105 | @ay z 000yy | |
| 200 | 1 | @a信用制度深度透视@Axin yong zhi du shen du tou shi@f车耳著 |
| 210 | @a北京@c人民邮电出版社@d2009.09 | |
| 215 | @a223页@d24cm | |
| 330 | @a本书深入探讨和分析了美国的信用制度,并以此为蓝本,详细介绍了其一百多年来形成的信用评估、信用报告以及信用法律体系;揭示了在如此完备的信用制度下,人们如何滥用信用,形成财富的幻象,进而引发金融危机;阐述了信用崩溃之后,汽车、投行等产业所面临的巨大困境;给出了一些重塑信用的建设性意见和措施。 | |
| 606 | 0 | @a信用制度@AXin Yong Zhi Du@x研究 |
| 690 | @aF830.5@v4 | |
| 701 | 0 | @a车耳@Ache er@4著 |
| 801 | 0 | @aCN@c20100515 |
| 905 | @dF830.5@eC327@f3 | |
| 信用制度深度透视/车耳著.-北京:人民邮电出版社,2009.09 |
| 223页;24cm |
| ISBN 978-7-115-21091-3:CNY29.80 |
| 本书深入探讨和分析了美国的信用制度,并以此为蓝本,详细介绍了其一百多年来形成的信用评估、信用报告以及信用法律体系;揭示了在如此完备的信用制度下,人们如何滥用信用,形成财富的幻象,进而引发金融危机;阐述了信用崩溃之后,汽车、投行等产业所面临的巨大困境;给出了一些重塑信用的建设性意见和措施。 |
| ● |
| 相关链接 |
|
|
|
正题名:信用制度深度透视
索取号:F830.5/C327
 
预约/预借
| 序号 | 登录号 | 条形码 | 馆藏地/架位号 | 状态 | 备注 |
| 1 | 985565 | 209855655 | 社科库409/409社科库 51排3列3层/ [索取号:F830.5/C327] | 在馆 | |
| 2 | 985566 | 209855664 | 社科库409/409社科库 51排3列3层/ [索取号:F830.5/C327] | 在馆 | |
| 3 | 985567 | 209855673 | 社科库409/409社科库 51排3列3层/ [索取号:F830.5/C327] | 在馆 |